| 000 | 00749nam a2200217Ia 4500 | ||
|---|---|---|---|
| 003 | GCL | ||
| 008 | 140319s9999 xx 000 0 ara d | ||
| 040 |
_aGCL / _cGCL |
||
| 082 | 0 | 4 |
_a330.09 _bع ت |
| 100 | 1 | _aعدنان عباس على | |
| 245 | 1 | 0 |
_aتاريخ الفكر الاقتصادى من الفكر الاغريقى الى انتشار وتطور الفكر الكلاسيكى فى الاقطار المختلفة / _cعدنان عباس على |
| 260 |
_a[S.N] : _bجامعة قاريونس ، _c1991 |
||
| 300 | _a291 ص | ||
| 490 | _a | ||
| 650 | 0 | 4 | _aتاريخ |
| 650 | 0 | 4 | _aالاقتصاد |
| 650 | 0 | 4 | _aنظريات |
| 650 | 0 | 4 | _aالعصور الوسطى |
| 650 | 0 | 4 | _aالدولة الاغريقية |
| 942 |
_2ddc _cBK |
||
| 999 |
_c29611 _d29611 |
||